Statistics for Most Gaelic Football Titles

Click here to take the quiz!

General Stats

  • This quiz has been taken 74 times
    (27 since last reset)
  • The average score is 16 of 19

Answer Stats

PlayersProvincialAll-IrelandLeague TitlesTotal% Correct
Cork377044
100%
Dublin623015106
100%
Kerry843823145
100%
Galway489461
96%
Mayo4831364
96%
Tyrone164221
96%
Derry91616
91%
Donegal102113
87%
Armagh141116
83%
Down125421
78%
Tipperary104014
78%
Kildare134017
74%
Louth93113
74%
Meath217028
70%
Roscommon232227
70%
Wexford105015
70%
Cavan405348
65%
Monaghan160117
65%
Offaly103114
61%

Score Distribution

Percentile by Number Answered

Percent of People with Each Score

Your Score History

You have not taken this quiz since the last reset